| 000 | 00436cam a2200169ua 4500 | ||
|---|---|---|---|
| 020 | _c13.13/- | ||
| 082 |
_a621.31 _bMOR/ME |
||
| 100 | _aMorgan, Bryan . | ||
| 245 |
_aMen and discoveries in electicity in electricity / _cBryan Morgan. _hTextual Documents |
||
| 250 |
_a1 / _b. |
||
| 260 |
_aLondon : _bJohn Murray , _c1964. |
||
| 300 | _a188 ; . | ||
| 365 | _a13.13/- | ||
| 504 | _a | ||
| 942 | _cBK | ||
| 999 |
_c2112 _d2112 |
||